Gods in Disney's Hercules Quiz Stats

Quiz Updated Apr 9, 2014

Challenge
Share
Tweet
Score 0/15 Timer 03:00
7 Plays Today
% Correct
Hades
94.2%
Zeus
91.4%
Hermes
83.2%
Hera
82.6%
Aphrodite
82%
Poseidon
77.9%
Athena
66.2%
Artemis
59.7%
% Correct
Ares
58%
Apollo
54.3%
Cupid
49.5%
Bacchus
48.3%
Demeter
40.4%
Morpheus
5.7%
Boreas
3.3%

You're not logged in!

Compare scores with friends on all Sporcle quizzes.
Sign Up with Email
OR
Log In

You Might Also Like...

Show Comments

Extras

Top Quizzes Today


Score Distribution

Your Account Isn't Verified!

In order to create a playlist on Sporcle, you need to verify the email address you used during registration. Go to your Sporcle Settings to finish the process.